[Event "WchT Seniors 50"]
[Site "Prague"]
[Date "2020.03.12"]
[Round "7.3"]
[White "Oburka, Vladislav"]
[Black "Jenssen, Ove S"]
[Result "1/2-1/2"]
[WhiteElo "1759"]
[BlackElo "1812"]
[PlyCount "122"]
[EventDate "2020.03.06"]
[EventType "team-swiss"]
[EventRounds "7"]
[EventCountry "CZE"]
[SourceTitle "CBM 195 Extra"]
[Source "ChessBase"]
[SourceDate "2020.05.31"]
[SourceVersion "1"]
[SourceVersionDate "2020.05.31"]
[SourceQuality "1"]
[WhiteTeam "Czech Republic 50 XV"]
[BlackTeam "Norway 50"]
[WhiteTeamCountry "CZE"]
[BlackTeamCountry "NOR"]

1. e4 e6 2. d4 d5 3. Nd2 c5 4. exd5 exd5 5. Ngf3 Nf6 6. Bb5+ Bd7 7. Qe2+ Be7 8. dxc5 0-0 9. 0-0 Bxc5 10. Bxd7 Nbxd7 11. Nb3 Bd6 12. Bg5 Re8 13. Qd1 Qc7 14. Nbd4 Qb6 15. Rb1 Rac8 16. c3 Bb8 17. Nf5 Ne4 18. Be3 Qe6 19. Ng3 Nxg3 20. hxg3 Bxg3 21. Bxa7 Bf4 22. Re1 Qc6 23. Bd4 Rxe1+ 24. Qxe1 Nf8 25. Qf1 Re8 26. Re1 Rxe1 27. Qxe1 Qe6 28. Be5 Bxe5 29. Qxe5 Qxe5 30. Nxe5 f6 31. Nf3 Ne6 32. Kf1 Kf7 33. g3 Nc5 34. Ne1 Ne4 35. Ke2 h5 36. Nd3 g5 37. Kf3 Ke6 38. Kg2 Kd6 39. f3 Nd2 40. Kf2 f5 41. Ke2 Nc4 42. f4 gxf4 43. gxf4 b6 44. b3 Na3 45. Ne5 Nb5 46. c4 Nc3+ 47. Kf3 Nxa2 48. Kg3 Nc1 49. b4 d4 50. Nf3 Ne2+ 51. Kh4 d3 52. Kxh5 Nd4 53. Nd2 Nc2 54. Kg5 Ke6 55. c5 bxc5 56. bxc5 Nd4 57. Kg6 Kd5 58. Kf6 Kxc5 59. Ke5 Ne2 60. Kxf5 Kd6 61. Kg4 Nxf4 1/2-1/2

[Event "Prague op-A 18th"]
[Site "Prague"]
[Date "2019.01.12"]
[Round "3"]
[White "Czernek, Tymon"]
[Black "Oburka, Vladislav"]
[Result "1-0"]
[WhiteElo "2012"]
[BlackElo "1776"]
[PlyCount "51"]
[EventDate "2019.01.11"]
[EventType "swiss"]
[EventRounds "9"]
[EventCountry "CZE"]
[SourceTitle "CBM 188 Extra"]
[Source "ChessBase"]
[SourceDate "2019.02.26"]
[SourceVersion "1"]
[SourceVersionDate "2019.02.26"]
[SourceQuality "1"]

1. e4 c5 2. Nf3 a6 3. d3 Nc6 4. g3 d6 5. Bg2 Nf6 6. 0-0 Bg4 7. Nbd2 Qd7 8. Re1 e5 9. c3 b5 10. a4 b4 11. Nc4 Rb8 12. Bg5 Be7 13. Ne3 Be6 14. Bxf6 Bxf6 15. Nd5 Bd8 16. d4 Bg4 17. dxe5 dxe5 18. Qe2 Qc8 19. Qe3 Bxf3 20. Bxf3 Ne7 21. cxb4 cxb4 22. Rac1 Qe6 23. Be2 0-0 24. Qa7 Qd6 25. Qxa6 Bc7 26. Rxc7 1-0

[Event "Trebic Highlands op 12th"]
[Site "Trebic"]
[Date "2018.09.29"]
[Round "9"]
[White "Oburka, Vladislav"]
[Black "Endler, Boris"]
[Result "1/2-1/2"]
[WhiteElo "1802"]
[BlackElo "1778"]
[PlyCount "42"]
[EventDate "2018.09.22"]
[EventType "swiss"]
[EventRounds "9"]
[EventCountry "CZE"]
[SourceTitle "CBM 186 Extra"]
[Source "ChessBase"]
[SourceDate "2018.08.24"]
[SourceVersion "1"]
[SourceVersionDate "2018.08.24"]
[SourceQuality "1"]

1. e4 c5 2. Nf3 Nc6 3. d4 cxd4 4. Nxd4 Nf6 5. Nc3 e5 6. Ndb5 d6 7. Bg5 a6 8. Na3 Be6 9. Nd5 Qa5+ 10. Bd2 Qd8 11. Nxf6+ Qxf6 12. c3 Be7 13. Nc2 d5 14. exd5 Bxd5 15. Ne3 Be6 16. Bd3 Bc5 17. Qe2 0-0 18. Be4 Rac8 19. Nd5 Qd8 20. Ne3 f5 21. Bc2 e4 1/2-1/2

[Event "Trebic Highlands op 12th"]
[Site "Trebic"]
[Date "2018.09.23"]
[Round "2"]
[White "Kovacs, Ivan1111"]
[Black "Oburka, Vladislav"]
[Result "0-1"]
[WhiteElo "1537"]
[BlackElo "1802"]
[PlyCount "68"]
[EventDate "2018.09.22"]
[EventType "swiss"]
[EventRounds "9"]
[EventCountry "CZE"]
[SourceTitle "CBM 186 Extra"]
[Source "ChessBase"]
[SourceDate "2018.08.24"]
[SourceVersion "1"]
[SourceVersionDate "2018.08.24"]
[SourceQuality "1"]

1. d4 Nf6 2. e3 e6 3. c4 b6 4. Nf3 Bb7 5. Be2 d5 6. 0-0 Be7 7. Ne5 Nbd7 8. cxd5 Nxe5 9. dxe5 Nxd5 10. Bf3 0-0 11. Bxd5 Bxd5 12. Nc3 Bb7 13. Qxd8 Rfxd8 14. b3 Rd3 15. Bb2 Bb4 16. Nb5 c6 17. Na3 Rad8 18. Nc4 b5 19. Na3 a6 20. Nc2 Be7 21. b4 Rd2 22. Rfc1 c5 23. bxc5 Be4 24. Nb4 Rxb2 25. Nxa6 Bb7 26. Nc7 Rdd2 27. c6 Bc8 28. Ne8 Rxf2 29. Nd6 Rxg2+ 30. Kf1 Ba6 31. c7 b4+ 32. Nc4 Rbf2+ 33. Ke1 Bh4 34. Nd2 Rxd2# 0-1

[Event "Trebic Highlands op 11th"]
[Site "Trebic"]
[Date "2017.09.30"]
[Round "9"]
[White "Oburka, Vladislav"]
[Black "Rychtecky, Pavel"]
[Result "1-0"]
[WhiteElo "1808"]
[BlackElo "1527"]
[PlyCount "89"]
[EventDate "2017.09.23"]
[EventType "swiss"]
[EventRounds "9"]
[EventCountry "CZE"]
[SourceTitle "EXT 2018"]
[Source "ChessBase"]
[SourceDate "2017.10.13"]
[SourceVersion "1"]
[SourceVersionDate "2017.10.13"]
[SourceQuality "1"]

1. e4 e5 2. Nf3 Nc6 3. Bb5 a6 4. Ba4 Bc5 5. 0-0 b5 6. Bb3 Nf6 7. d3 0-0 8. c3 Bb6 9. Nbd2 d6 10. h3 h6 11. Re1 Re8 12. Nf1 Na5 13. Bc2 c5 14. Ng3 Nc6 15. Bb3 Be6 16. Bxe6 fxe6 17. Nh2 Qd7 18. Ng4 Rf8 19. a4 b4 20. Be3 a5 21. Kh1 Qf7 22. Rf1 Rad8 23. f4 Qg6 24. f5 Qe8 25. Qe2 d5 26. Bd2 d4 27. c4 Rd7 28. Nxf6+ Rxf6 29. Qg4 exf5 30. exf5 Kh8 31. Ne4 Rf8 32. f6 Rg8 33. Qf5 Nd8 34. Rf3 Qe6 35. Qh5 Qf7 36. Qh4 Ne6 37. Rg3 h5 38. Rf1 g6 39. Rgf3 Bc7 40. Bh6 Bd8 41. Bg5 Re8 42. g4 Rg8 43. Bd2 Bc7 44. gxh5 Bb6 45. hxg6+ 1-0

[Event "Trebic Highlands op 11th"]
[Site "Trebic"]
[Date "2017.09.29"]
[Round "8"]
[White "Brasoy, Aksel"]
[Black "Oburka, Vladislav"]
[Result "1-0"]
[WhiteElo "1964"]
[BlackElo "1808"]
[PlyCount "105"]
[EventDate "2017.09.23"]
[EventType "swiss"]
[EventRounds "9"]
[EventCountry "CZE"]
[SourceTitle "EXT 2018"]
[Source "ChessBase"]
[SourceDate "2017.10.13"]
[SourceVersion "1"]
[SourceVersionDate "2017.10.13"]
[SourceQuality "1"]

1. d4 Nf6 2. c4 e6 3. Nc3 Bb4 4. e3 0-0 5. Bd3 d5 6. a3 Bxc3+ 7. bxc3 dxc4 8. Bxc4 Nbd7 9. Ne2 c5 10. 0-0 b6 11. f3 Qe7 12. e4 Bb7 13. Be3 Rac8 14. Qb3 cxd4 15. cxd4 h6 16. Rfd1 Ne8 17. Rac1 Nd6 18. Bd3 Rxc1 19. Rxc1 Rc8 20. Rxc8+ Nxc8 21. Qc3 Nb8 22. Bc1 Qd7 23. Bb2 Qc6 24. Qxc6 Bxc6 25. Nc3 Nd6 26. Kf2 Nd7 27. g4 f6 28. h4 Kf7 29. h5 Ke7 30. Ke2 Bb7 31. Nb5 Nxb5 32. Bxb5 a6 33. Bc4 b5 34. Bb3 Nb6 35. Bc3 Nd7 36. Bb4+ Kf7 37. Ke3 Nb6 38. Kd3 Bc6 39. f4 Nc4 40. f5 exf5 41. gxf5 Ke8 42. d5 Bd7 43. Kd4 a5 44. Bc5 Nd2 45. Bd1 a4 46. Bb4 Nc4 47. Be2 Bc8 48. Kc5 Bb7 49. Kxb5 Ne3 50. Kxa4 Nxd5 51. exd5 Bxd5 52. Ka5 Be4 53. Bg4 1-0

[Event "Trebic Highlands op 11th"]
[Site "Trebic"]
[Date "2017.09.28"]
[Round "6"]
[White "Lampir, Tomas"]
[Black "Oburka, Vladislav"]
[Result "1-0"]
[WhiteElo "2077"]
[BlackElo "1808"]
[PlyCount "109"]
[EventDate "2017.09.23"]
[EventType "swiss"]
[EventRounds "9"]
[EventCountry "CZE"]
[SourceTitle "EXT 2018"]
[Source "ChessBase"]
[SourceDate "2017.10.13"]
[SourceVersion "1"]
[SourceVersionDate "2017.10.13"]
[SourceQuality "1"]

1. e4 e5 2. Nf3 Nf6 3. Nxe5 d6 4. Nf3 Nxe4 5. Nc3 Nxc3 6. dxc3 Nc6 7. Bf4 Be7 8. Qd2 Be6 9. 0-0-0 Qd7 10. Kb1 0-0-0 11. Bb5 a6 12. Ba4 b5 13. Bb3 Bxb3 14. axb3 Bf6 15. Qd5 Kb8 16. Nd2 Ne7 17. Qxf7 Qf5 18. Rhe1 Rhf8 19. Qe6 Qxf4 20. Ne4 Qf5 21. Nxf6 Rxf6 22. Qxe7 Rd7 23. Qe8+ Kb7 24. f3 Rf8 25. Qe4+ Qxe4 26. Rxe4 Rff7 27. Rde1 g6 28. Re8 d5 29. Kc1 Rf5 30. R8e7 Rf7 31. Rxf7 Rxf7 32. Kd2 c6 33. Ke3 Re7+ 34. Kf2 Rf7 35. g4 Kc7 36. Kg3 Kd7 37. g5 Rf8 38. Kg4 Rf7 39. f4 Rf5 40. h4 Rf7 41. Ra1 Kc7 42. Rxa6 Kb7 43. Ra1 Re7 44. Kf3 Re4 45. Rh1 b4 46. h5 bxc3 47. bxc3 gxh5 48. Rxh5 Re7 49. f5 Kb6 50. f6 Rf7 51. Kg4 Kc5 52. Kf5 Kd6 53. g6 hxg6+ 54. Kxg6 Ke6 55. Re5+ 1-0

[Event "Trebic Highlands op 11th"]
[Site "Trebic"]
[Date "2017.09.27"]
[Round "5"]
[White "Divis, Jan"]
[Black "Oburka, Vladislav"]
[Result "0-1"]
[WhiteElo "1570"]
[BlackElo "1808"]
[PlyCount "120"]
[EventDate "2017.09.23"]
[EventType "swiss"]
[EventRounds "9"]
[EventCountry "CZE"]
[SourceTitle "EXT 2018"]
[Source "ChessBase"]
[SourceDate "2017.10.13"]
[SourceVersion "1"]
[SourceVersionDate "2017.10.13"]
[SourceQuality "1"]

1. d4 Nf6 2. Bf4 g6 3. e3 Bg7 4. Be2 0-0 5. c3 d6 6. Nf3 Nbd7 7. 0-0 Nh5 8. Bg3 Nxg3 9. hxg3 e5 10. dxe5 dxe5 11. Nbd2 Qe7 12. Qc2 Rd8 13. Rfd1 Nc5 14. Nf1 Bf5 15. Rxd8+ Rxd8 16. Qc1 Nd3 17. Bxd3 Bxd3 18. Ne1 e4 19. Nxd3 Rxd3 20. Qc2 Qd6 21. Re1 c5 22. Re2 b5 23. Rd2 c4 24. Rxd3 exd3 25. Qd2 a5 26. a3 Bf8 27. Qc1 Qd5 28. Nd2 f5 29. Kf1 Bd6 30. Qd1 Qc5 31. Qf3 b4 32. Qa8+ Bf8 33. axb4 axb4 34. Qa6 bxc3 35. bxc3 Bg7 36. Qxc4+ Qxc4 37. Nxc4 Bxc3 38. f3 Kf7 39. e4 fxe4 40. Nd6+ Ke6 41. Nxe4 Bd4 42. Ng5+ Kd5 43. Nxh7 Bc3 44. Ng5 Kd4 45. Ne4 Bb4 46. Nf2 Ke3 47. Nd1+ Kd2 48. Nb2 Kc2 49. Nxd3 Kxd3 50. g4 Ke3 51. Kg1 Kf4 52. Kh2 Bc5 53. Kh3 Bg1 54. Kh4 g5+ 55. Kh5 Bf2 56. Kg6 Be3 57. Kf6 Kg3 58. Kf5 Kxg2 59. Ke4 Bf4 60. Kf5 Kxf3 0-1

[Event "Trebic Highlands op 11th"]
[Site "Trebic"]
[Date "2017.09.25"]
[Round "3"]
[White "Michalek, Miroslav"]
[Black "Oburka, Vladislav"]
[Result "0-1"]
[WhiteElo "1720"]
[BlackElo "1808"]
[PlyCount "72"]
[EventDate "2017.09.23"]
[EventType "swiss"]
[EventRounds "9"]
[EventCountry "CZE"]
[SourceTitle "EXT 2018"]
[Source "ChessBase"]
[SourceDate "2017.10.13"]
[SourceVersion "1"]
[SourceVersionDate "2017.10.13"]
[SourceQuality "1"]

1. e4 d5 2. exd5 Nf6 3. Bb5+ Bd7 4. Be2 Nxd5 5. d4 e6 6. Nf3 Nc6 7. c4 Nf6 8. 0-0 Ne7 9. Ne5 Ng6 10. Nc3 c5 11. Bg5 Be7 12. Bf3 Rb8 13. Re1 0-0 14. Nxg6 hxg6 15. Bf4 cxd4 16. Bxb8 dxc3 17. Be5 cxb2 18. Bxb2 Qc7 19. Rc1 Rd8 20. Qe2 Ba4 21. h3 Bb4 22. Bc3 Bc5 23. Qb2 b6 24. Bxf6 gxf6 25. Qxf6 Rd2 26. Re2 Rd3 27. Be4 Rd4 28. Bb1 Bd1 29. Re1 Ba4 30. Re4 Rd2 31. Rh4 Bxf2+ 32. Kh1 Bxh4 33. Qxh4 Bc6 34. Rg1 Qd6 35. Qg5 Qd4 36. h4 Rd1 0-1

[Event "CZE-chT2D 1617"]
[Site "Czech Republic"]
[Date "2017.01.15"]
[Round "6.8"]
[White "Lipavsky, Dusan"]
[Black "Oburka, Vladislav"]
[Result "1/2-1/2"]
[WhiteElo "1974"]
[BlackElo "1857"]
[PlyCount "86"]
[EventDate "2016.10.09"]
[EventType "team-tourn"]
[EventRounds "11"]
[EventCountry "CZE"]
[SourceTitle "EXT 2022"]
[Source "ChessBase"]
[SourceDate "2021.10.06"]
[SourceVersion "1"]
[SourceVersionDate "2021.10.06"]
[SourceQuality "1"]
[WhiteTeam "Vysoke Myto"]
[BlackTeam "Zdar nad Sazavou"]
[WhiteTeamCountry "CZE"]
[BlackTeamCountry "CZE"]

1. e4 c5 2. c4 e5 3. Nc3 Nc6 4. g3 d6 5. Bg2 Nf6 6. d3 Bg4 7. f3 Be6 8. Nge2 Qd7 9. Nd5 Ne7 10. f4 Nexd5 11. cxd5 Bh3 12. Bf3 Bg4 13. Nc3 Bxf3 14. Qxf3 a6 15. fxe5 dxe5 16. 0-0 Be7 17. b3 b5 18. Be3 Rc8 19. Rac1 0-0 20. Kg2 Ng4 21. Bg1 Nf6 22. h3 h6 23. Be3 Nh7 24. h4 Nf6 25. Rc2 Rc7 26. Rfc1 Rfc8 27. Nd1 Qd6 28. Bg1 Nd7 29. Ne3 g6 30. Rf1 Rf8 31. Ng4 g5 32. hxg5 Bxg5 33. Be3 Bxe3 34. Qxe3 Kg7 35. Rcf2 Qg6 36. Nxh6 Qxh6 37. Rxf7+ Rxf7 38. Rxf7+ Kg6 39. Qf2 Qg5 40. d6 Rb7 41. Re7 Qf6 42. Qe2 Qg5 43. Qf2 Qf6 1/2-1/2

[Event "CZE-chT2D 1617"]
[Site "Czech Republic"]
[Date "2016.12.11"]
[Round "5.8"]
[White "Oburka, Vladislav"]
[Black "Bradac, Roman"]
[Result "1/2-1/2"]
[WhiteElo "1857"]
[BlackElo "2018"]
[PlyCount "85"]
[EventDate "2016.10.09"]
[EventType "team-tourn"]
[EventRounds "11"]
[EventCountry "CZE"]
[SourceTitle "EXT 2022"]
[Source "ChessBase"]
[SourceDate "2021.10.06"]
[SourceVersion "1"]
[SourceVersionDate "2021.10.06"]
[SourceQuality "1"]
[WhiteTeam "Zdar nad Sazavou"]
[BlackTeam "Dalesice Pivovar"]
[WhiteTeamCountry "CZE"]
[BlackTeamCountry "CZE"]

1. e4 c5 2. Nf3 g6 3. d4 cxd4 4. Nxd4 Nc6 5. Nc3 Bg7 6. Be3 Nf6 7. Be2 0-0 8. 0-0 d6 9. f4 Qb6 10. Qd2 Nxe4 11. Nxc6 Qxc6 12. Nxe4 Qxe4 13. c3 Qc6 14. Bf3 Qc7 15. Be4 Be6 16. f5 Bc4 17. Rf2 d5 18. Bc2 Be5 19. g3 Rad8 20. Bd4 Kg7 21. Re1 f6 22. Bxe5 fxe5 23. Qe3 e4 24. g4 Qb6 25. Qf4 Qd6 26. Qe3 Qb6 27. Qf4 Qd6 28. Qe3 b6 29. Rd1 Qc5 30. Rd4 Rd6 31. Qf4 Rdf6 32. Qe5 Qd6 33. Qxd6 Rxd6 34. Bxe4 dxe4 35. Rxc4 gxf5 36. gxf5 e3 37. Re2 Rxf5 38. Rxe3 Rd1+ 39. Kg2 Rd2+ 40. Kg3 Rg5+ 41. Kf4 Rgg2 42. Rxe7+ Kf6 43. Rec7 1/2-1/2

[Event "CZE-ch Seniors 60"]
[Site "Rychnov nad Kneznou"]
[Date "2015.08.21"]
[Round "7"]
[White "Oburka, Vladislav"]
[Black "Zboril, Jaroslav"]
[Result "1/2-1/2"]
[WhiteElo "1874"]
[BlackElo "1998"]
[PlyCount "35"]
[EventDate "2015.08.15"]
[EventType "swiss"]
[EventRounds "9"]
[EventCountry "CZE"]
[SourceTitle "EXT 2016"]
[Source "ChessBase"]
[SourceDate "2015.10.08"]
[SourceVersion "1"]
[SourceVersionDate "2015.10.08"]
[SourceQuality "1"]

1. e4 d6 2. d4 Nf6 3. Bd3 e5 4. Nf3 Bg4 5. d5 Nbd7 6. Be3 Be7 7. Nbd2 0-0 8. Nf1 c6 9. c4 cxd5 10. cxd5 Qa5+ 11. N1d2 Bxf3 12. Qxf3 Nc5 13. Bxc5 Qxc5 14. 0-0 Qb4 15. Nb3 g6 16. Rab1 a5 17. Qe2 Rac8 18. Qd2 1/2-1/2

[Event "Trebic Highlands op 10th"]
[Site "Trebic"]
[Date "2014.05.18"]
[Round "2"]
[White "Oburka, Vladislav"]
[Black "Burdov, Petr"]
[Result "1/2-1/2"]
[WhiteElo "1861"]
[BlackElo "1646"]
[PlyCount "80"]
[EventDate "2014.05.17"]
[EventType "swiss"]
[EventRounds "9"]
[EventCountry "CZE"]
[SourceTitle "CBM 160 Extra"]
[Source "ChessBase"]
[SourceDate "2014.07.01"]
[SourceVersion "1"]
[SourceVersionDate "2014.07.01"]
[SourceQuality "1"]

1. e4 e5 2. Nf3 Nf6 3. Nc3 d6 4. d3 h6 5. Be2 Nc6 6. h3 Be7 7. 0-0 Bd7 8. Be3 Qc8 9. Kh2 a6 10. Ng1 g5 11. Bf3 Rg8 12. Nd5 Be6 13. Nxf6+ Bxf6 14. Bg4 Qd7 15. c3 0-0-0 16. d4 Bxg4 17. hxg4 d5 18. exd5 Qxd5 19. dxe5 Bxe5+ 20. g3 Qe4 21. Qf3 Qg6 22. Qf5+ Kb8 23. Qxg6 Rxg6 24. Nf3 Bh8 25. Rad1 Rgd6 26. Rxd6 Rxd6 27. Re1 b6 28. Kg2 Kb7 29. Re2 Re6 30. Rd2 Kc8 31. Rd3 Be5 32. Rd5 Bd6 33. Rf5 f6 34. Nd4 Nxd4 35. Bxd4 Be7 36. Kf1 Kd7 37. Kg2 c5 38. Be3 Re5 39. Rxe5 fxe5 40. Kf3 Ke6 1/2-1/2

[Event "Zdar nad Sazavou Vysocina op 8th"]
[Site "Zdar nad Sazavou"]
[Date "2011.09.27"]
[Round "4"]
[White "Zakharchenko, Arnold"]
[Black "Oburka, Vladislav"]
[Result "1-0"]
[WhiteElo "2225"]
[BlackElo "1830"]
[PlyCount "109"]
[EventDate "2011.09.24"]
[EventType "swiss"]
[EventRounds "9"]
[EventCountry "CZE"]
[SourceTitle "CBM 144 Extra"]
[Source "ChessBase"]
[SourceDate "2011.10.28"]
[SourceVersion "1"]
[SourceVersionDate "2011.10.28"]
[SourceQuality "1"]

1. d4 Nf6 2. c4 e6 3. Nf3 b6 4. g3 Bb7 5. Bg2 Bb4+ 6. Bd2 Bxd2+ 7. Qxd2 0-0 8. 0-0 d6 9. Rd1 Nbd7 10. Nc3 Rc8 11. Qc2 Qe7 12. e4 e5 13. d5 a6 14. Nh4 g6 15. Qd2 Kg7 16. Qg5 Kh8 17. Bh3 Rcd8 18. Qe3 Bc8 19. b4 Nh5 20. Qh6 Qf6 21. Rac1 Qg7 22. Qg5 Qf6 23. Qxf6+ Nhxf6 24. f3 Nh5 25. Na4 Ng7 26. Bf1 f5 27. c5 b5 28. Nb2 fxe4 29. fxe4 Nf6 30. Re1 Rf7 31. Nd3 Rdf8 32. Bg2 Ng4 33. cxd6 cxd6 34. Rc6 Rf6 35. h3 Nh6 36. Rf1 Rxf1+ 37. Bxf1 g5 38. Ng2 Bxh3 39. Rxd6 Ng8 40. Ne3 Bxf1 41. Nxf1 Nf6 42. Nc5 h5 43. Ne3 Nh7 44. Ne6 Rc8 45. Nxg7 Kxg7 46. Nf5+ Kf8 47. Rh6 Rc1+ 48. Kf2 Rc2+ 49. Ke3 Kg8 50. Rxa6 Rc3+ 51. Kd2 Rc4 52. Kd3 Rxb4 53. Ra8+ Kf7 54. Ra7+ Kg6 55. Rg7+ 1-0

[Event "Zdar nad Sazavou Vysocina op 8th"]
[Site "Zdar nad Sazavou"]
[Date "2011.09.24"]
[Round "1"]
[White "Oburka, Vladislav"]
[Black "Vospernik, Andrej"]
[Result "1/2-1/2"]
[WhiteElo "1830"]
[BlackElo "2205"]
[PlyCount "59"]
[EventDate "2011.09.24"]
[EventType "swiss"]
[EventRounds "9"]
[EventCountry "CZE"]
[SourceTitle "CBM 144 Extra"]
[Source "ChessBase"]
[SourceDate "2011.10.28"]
[SourceVersion "1"]
[SourceVersionDate "2011.10.28"]
[SourceQuality "1"]

1. e4 e6 2. d4 d5 3. Nd2 Nf6 4. e5 Nfd7 5. Bd3 c5 6. c3 Nc6 7. Ne2 cxd4 8. cxd4 Bb4 9. 0-0 Bxd2 10. Qxd2 Qb6 11. Qe3 f6 12. exf6 Nxf6 13. h3 0-0 14. b3 e5 15. dxe5 Qxe3 16. Bxe3 Nxe5 17. Rad1 Bd7 18. Nd4 Rac8 19. Bb1 Ne4 20. Bxe4 dxe4 21. Rc1 Nd3 22. Rcd1 Ne5 23. Rc1 Nd3 24. Rcd1 Nf4 25. Rc1 Nd5 26. Bd2 h6 27. Rfe1 Rfe8 28. Rxc8 Bxc8 29. Rc1 Rd8 30. Kf1 1/2-1/2

[Event "Zdar nad Sazavou Vysocina op 7th"]
[Site "Zdar nad Sazavou"]
[Date "2010.09.26"]
[Round "2"]
[White "Oburka, Vladislav"]
[Black "Jelinek, Vaclav"]
[Result "0-1"]
[WhiteElo "1800"]
[BlackElo "2073"]
[PlyCount "48"]
[EventDate "2010.09.25"]
[EventType "swiss"]
[EventRounds "9"]
[EventCountry "CZE"]
[SourceTitle "CBM 138 Extra"]
[Source "ChessBase"]
[SourceDate "2010.10.29"]
[SourceVersion "1"]
[SourceVersionDate "2010.10.29"]
[SourceQuality "1"]

1. e4 g6 2. d4 Bg7 3. Nf3 d6 4. h3 Nf6 5. Nc3 0-0 6. Be3 c6 7. Qd2 b5 8. Bd3 Nbd7 9. Bh6 Nb6 10. Bxg7 Kxg7 11. b3 a6 12. 0-0 Bb7 13. Ne2 c5 14. dxc5 dxc5 15. Ng3 c4 16. e5 Bxf3 17. exf6+ exf6 18. gxf3 cxd3 19. cxd3 Nd5 20. Rfd1 Rc8 21. Rac1 Qd6 22. Ne4 Qf4 23. Qxf4 Nxf4 24. h4 Ne2+ 0-1

[Event "CZE-chT2d 0405"]
[Site "Czech Republic"]
[Date "2004.??.??"]
[Round "1"]
[White "Oburka, Vladislav"]
[Black "Svoboda, Antonin"]
[Result "0-1"]
[WhiteElo "1830"]
[BlackElo "1860"]
[PlyCount "82"]
[EventDate "2004.10.??"]
[EventType "team"]
[EventRounds "11"]
[EventCountry "CZE"]
[SourceTitle "EXT 2007"]
[Source "ChessBase"]
[SourceDate "2006.11.23"]
[SourceVersion "1"]
[SourceVersionDate "2006.11.23"]
[SourceQuality "1"]

1. e4 d6 2. d4 Nf6 3. Nc3 g6 4. f4 Bg7 5. Nf3 0-0 6. Bd3 c5 7. dxc5 dxc5 8. 0-0 Qb6 9. Kh1 Be6 10. Qe2 Nc6 11. h3 Nh5 12. Qe1 Nb4 13. e5 Nxd3 14. cxd3 Bh6 15. Ne2 Rfd8 16. Qc3 Qb5 17. Rd1 a5 18. Be3 Rac8 19. b3 b6 20. Rd2 Qc6 21. Kh2 Bd5 22. Rf1 Ng7 23. Ng3 Ne6 24. Ne2 Nc7 25. Qc1 Qb5 26. Nc3 Qb4 27. Rdd1 Bc6 28. Ng1 Nd5 29. Nxd5 Rxd5 30. Qc4 Rcd8 31. Qxb4 axb4 32. d4 cxd4 33. Bd2 Ra5 34. Bxb4 Rxa2 35. Bxe7 Rxg2+ 36. Kh1 Rf2+ 37. Nf3 Bxf3+ 38. Kg1 Rg2+ 39. Kh1 Rd2+ 40. Kg1 Rxd1 41. Bxd8 b5 0-1